Detalles MARC
| 000 -CABECERA |
| Longitud fija campo de control |
01760nam a2200481 c 4500 |
| 001 - NÚMERO DE CONTROL |
| Número de control |
7401 |
| 003 - IDENTIFICADOR DE NÚMERO DE CONTROL |
| Identificador del número de control |
ES-MaCES |
| 005 - FECHA Y HORA DE LA ÚLTIMA TRANSACCIÓN |
| Fecha y hora de la última transacción |
20180131142512.0 |
| 008 - CAMPO FIJO DE DESCRIPCIÓN FIJA--INFORMACIÓN GENERAL |
| Códigos de información de longitud fija |
981110s1998 uy a ||| | spa d |
| 017 ## - NÚMERO DE REGISTRO DE DERECHOS DE AUTOR Y DEPÓSITO LEGAL |
| Número de copyright o de depósito legal |
309.600-98 |
| Agencia que asigna el número |
DL |
| 020 ## - ISBN (INTERNATIONAL STANDARD BOOK NUMBER) |
| Número Internacional Normalizado para Libros (ISBN) |
9290880734 |
| 035 ## - NÚMERO DE CONTROL DEL SISTEMA |
| Número de control del sistema |
CES19980074764m |
| 040 ## - FUENTE DE CATALOGACIÓN |
| Centro catalogador de origen |
ES-MaCES |
| Lengua de catalogación |
spa |
| Centro transcriptor |
ES-MaCES |
| 041 1# - CÓDIGO DE IDIOMA |
| Código de lengua del texto;banda sonora o título independiente |
spa |
| Código de lengua original |
fre |
| 100 1# - ENCABEZAMIENTO PRINCIPAL--NOMBRE PERSONAL |
| Nombre de persona |
Ruffier, Jean |
| 9 (RLIN) |
22801 |
| 245 13 - MENCIÓN DE TÍTULO |
| Título |
La eficiencia productiva |
| Resto del título |
: cómo funcionan las fábricas |
| Mención de responsabilidad, etc. |
Jean Ruffier ; [traducción al español, Gisela Argenti, Mariana Vlahussich] |
| 250 ## - MENCIÓN DE EDICIÓN |
| Mención de edición |
1ª ed |
| 260 ## - PUBLICACIÓN, DISTRIBUCIÓN, ETC (PIE DE IMPRENTA) |
| Lugar de publicación, distribución, etc. |
Montevideo (Uruguay) |
| Nombre del editor, distribuidor, etc. |
CINTERFOR-OIT |
| Fecha de publicación, distribución, etc. |
1998 |
| 300 ## - DESCRIPCIÓN FÍSICA |
| Extensión |
215 p. |
| Otras características físicas |
il. |
| Dimensiones |
22 cm |
| 490 1# - MENCIÓN DE SERIE |
| Mención de serie |
Herramientas para la transformación |
| 500 ## - NOTA GENERAL |
| Nota general |
Traducción de: L'efficience productive: comment marchen les usines |
| 500 ## - NOTA GENERAL |
| Nota general |
Dir. de E-mail: dirmvd@cinterfor.org.uy |
| 500 ## - NOTA GENERAL |
| Nota general |
Dir. de Internet: http://www.cinterfor.org.uy |
| 504 ## - NOTA DE BIBLIOGRAFÍA, ETC. |
| Nota de bibliografía, etc. |
Bibliogr.: p. 199-215 |
| 541 ## - NOTA DE LA FUENTE INMEDIANTE DE ADQUISICIÓN |
| Forma de adquisición |
Gratuito |
| 650 #4 - ASIENTO SECUNDARIO DE MATERIA--TÉRMINO DE MATERIA |
| Término de materia o nombre geográfico como elemento inicial |
fábrica |
| 9 (RLIN) |
27647 |
| 650 #4 - ASIENTO SECUNDARIO DE MATERIA--TÉRMINO DE MATERIA |
| Término de materia o nombre geográfico como elemento inicial |
producción industrial |
| 9 (RLIN) |
27653 |
| 650 #4 - ASIENTO SECUNDARIO DE MATERIA--TÉRMINO DE MATERIA |
| Término de materia o nombre geográfico como elemento inicial |
eficacia |
| 9 (RLIN) |
30813 |
| 650 #4 - ASIENTO SECUNDARIO DE MATERIA--TÉRMINO DE MATERIA |
| Término de materia o nombre geográfico como elemento inicial |
reestructuración industrial |
| 9 (RLIN) |
30021 |
| 650 #4 - ASIENTO SECUNDARIO DE MATERIA--TÉRMINO DE MATERIA |
| Término de materia o nombre geográfico como elemento inicial |
automatización |
| 9 (RLIN) |
28248 |
| 650 #4 - ASIENTO SECUNDARIO DE MATERIA--TÉRMINO DE MATERIA |
| Término de materia o nombre geográfico como elemento inicial |
cambio tecnológico |
| 9 (RLIN) |
28236 |
| 650 #4 - ASIENTO SECUNDARIO DE MATERIA--TÉRMINO DE MATERIA |
| Término de materia o nombre geográfico como elemento inicial |
transferencia de tecnología |
| 9 (RLIN) |
28239 |
| 650 #4 - ASIENTO SECUNDARIO DE MATERIA--TÉRMINO DE MATERIA |
| Término de materia o nombre geográfico como elemento inicial |
pub CINTERFOR |
| 9 (RLIN) |
26782 |
| 653 10 - TÉRMINO DE INDEXACIÓN--NO CONTROLADO |
| Término no controlado |
Industria-Energía |
| 700 1# - ENCABEZAMIENTO SECUNDARIO--NOMBRE PERSONAL |
| Nombre de persona |
Argenti, Gisela |
| Término indicativo de función |
tr. |
| 9 (RLIN) |
6513 |
| 700 1# - ENCABEZAMIENTO SECUNDARIO--NOMBRE PERSONAL |
| Nombre de persona |
Vlahussich, Mariana |
| Término indicativo de función |
tr. |
| 9 (RLIN) |
26040 |
| 710 2# - ENCABEZAMIENTO SECUNDARIO--NOMBRE CORPORATIVO |
| Nombre de entidad o nombre de jurisdicción como elemento inicial |
Centro Interamericano de Investigación y Documentación sobre Formación Profesional |
| Término indicativo de función |
ed. |
| 9 (RLIN) |
1916 |
| 710 2# - ENCABEZAMIENTO SECUNDARIO--NOMBRE CORPORATIVO |
| 9 (RLIN) |
4718 |
| Nombre de entidad o nombre de jurisdicción como elemento inicial |
Organización Internacional del Trabajo |
| Término indicativo de función |
ed. |
| 830 #0 - ENCABEZAMIENTO SECUNDARIO DE COLECCIÓN--TÍTULO UNIFORME |
| Título uniforme |
Herramientas para la transformación |
| 9 (RLIN) |
33057 |
| 902 ## - CES. TIPO DE DOCUMENTO |
| Tipodoc (006$c Sirtex) |
LIB Libro |
| 942 ## - ELEMENTOS KOHA |
| Fuente de clasificaión o esquema |
Clasificación propia del CES |
| Koha [por defecto] tipo de item |
Monografías |
| Parte de clasificación |
5.2. |